All-Time Premier League Table - Sudden Death - Statistics

General Stats
  • This quiz has been taken 129 times
  • The average score is 10 of 20
Answers on the Grid
Answers color-coded by a green-red scale on the quiz's grid according to % correct below.
Manchester United
FC Arsenal
FC Liverpool
FC Chelsea
Tottenham Hotspur
Manchester City
FC Everton
Newcastle United
Aston Villa
West Ham United
FC Southampton
Blackburn Rovers
Leicester City
Leeds United
Fulham
Crystal Palace
FC Middlesbrough
AFC Sunderland
Bolton Wanderers
West Bromwich Albion
Wolverhampton Wanderers
Stoke City
Coventry City
Norwich City
Nottingham Forest
Brighton & Hove Albion
AFC Bournemouth
Sheffield Wednesday
FC Burnley
Queens Park Rangers
FC Portsmouth
FC Brentford
 
Answer Stats
Answer % Correct
FC Arsenal
89%
FC Chelsea
83%
Manchester City
83%
Tottenham Hotspur
83%
Manchester United
81%
FC Liverpool
78%
Aston Villa
75%
FC Everton
67%
Newcastle United
67%
West Ham United
61%
Leicester City
56%
Leeds United
42%
Blackburn Rovers
31%
Crystal Palace
31%
Fulham
25%
AFC Sunderland
22%
FC Southampton
22%
Bolton Wanderers
11%
West Bromwich Albion
11%
FC Middlesbrough
3%
No matching quizzes found
Score Distribution
Percent of People with Each Score
Percentile by Number Answered
Your Score History
You have not taken this quiz